000 00349nam a2200145Ia 4500
008 230917s9999||||xx |||||||||||||| ||und||
040 _e6519
_aMAIN
041 _aEnglish
082 _a153.7 R59P
100 _aRock, Irwin
245 0 _aPerception
260 _aNew York
_bScientific American Library
_c1984
300 _aviii, 243 p.
942 _cBK
999 _c56211
_d56211